Normal view
MARC view
- Dr. Mohammad Shahzad
Entry Personal Name
001 - CONTROL NUMBER
- control field: 31217
003 - CONTROL NUMBER IDENTIFIER
- control field: NUST
005 - DATE AND TIME OF LATEST TRANSACTION
- control field: 20201005102016.0
008 - FIXED-LENGTH DATA ELEMENTS
- fixed length control field: 201005|| aca||aabn | a|a d
040 ## - CATALOGING SOURCE
- Original cataloging agency: NUST
- Transcribing agency: NUST
100 ## - HEADING--PERSONAL NAME
- Personal name: Dr. Mohammad Shahzad
670 ## - SOURCE DATA FOUND
- Source citation: Work cat.: (NUST): Zafar, Shoaib ; Cheema, Umer Ahmed ; Tirmizi, Ismail 31216, ATECT /, 2018.
